000 00281nam a22001337a 4500
008 181008b xxu||||| |||| 00| 0 eng d
020 _a0669386332
041 _aeng
080 _a371
100 _a25
101 _aEDU
245 _aWriters Express
_cKemper, D
942 _2udc
_cBK
999 _c49084
_d49084